000 00430pam a2200157a 44500
008 230515b2007 xxu||||| |||| 00| 0 eng d
020 _aNULL
041 _aENGLISH
082 _a610.73
100 _aDR. RAJESHKUMAR YADAV MRS BHAVANA SHARMA
245 _a"AN INFORMATIVE HANDBOOK OF UGC SCHEMES FOR UNIVERSITIES , COLLEGES & INSTITUTIONS "
250 _a0
260 _a
_bISHA BOOKS
_c2007
300 _a593
650 _aNULL
999 _c530392
_d530392